00365nam a2200121Ia 4500008004100000024003500041082001700076100003500093245003100128260002500159600002100184650003800205250506s9999 xx 000 0 und d a03B-BS-27 && 00B-BS-20 a004.6072 SHO aShoaib Ahmed Shah & Nida Taqee 0aE-Commerce Web Site Wizard aKarachi:bUIT,c2003 aComputer Science aBachelor of Computer Science (BS)